[Event "World Senior Teams +65"]
[Site "Radebeul GER"]
[Date "2016.06.28"]
[Round "3.17"]
[Board "4"]
[White "Byhan, Gert"]
[Black "Montsma, Foppe-Jan"]
[Result "1/2-1/2"]
[WhiteElo "1953"]
[BlackElo "1825"]
[WhiteTeam "Oberlausitz"]
[BlackTeam "Oranje 3"]
[WhiteFideId "4648200"]
[BlackFideId "1011472"]
[EventDate "2016.06.26"]

1. e4 b6 2. d4 Bb7 3. Bd3 e6 4. Nf3 Nf6 5. Qe2 d5 6. Nbd2 c5 7. c3 Be7 8. e5
Nfd7 9. O-O Nc6 10. a3 Qc7 11. Re1 O-O-O 12. Ba6 Rde8 13. Bxb7+ Kxb7 14. Nf1 f6
15. exf6 Bxf6 16. Be3 e5 17. dxe5 Ndxe5 18. Nxe5 Nxe5 19. Rad1 Qc6 20. Bf4 Ng6
21. Qd2 Nxf4 22. Qxf4 Rxe1 23. Rxe1 Re8 24. Rxe8 Qxe8 25. Qf5 d4 26. cxd4 Bxd4
27. b4 h6 28. bxc5 Bxc5 29. Qf3+ Ka6 30. Qd3+ Qb5 31. Qc3 Qe2 32. Ne3 g6 33. h3
h5 34. a4 g5 35. Kh2 Qxf2 36. Qd3+ Kb7 37. Qd7+ Kb8 38. Qd8+ Kb7 39. Qd7+ 1/2-1/2

[Event "World Senior Teams +65"]
[Site "Radebeul GER"]
[Date "2016.06.28"]
[Round "3.18"]
[Board "1"]
[White "Hassenrueck, Helmut"]
[Black "Harding, Tim D"]
[Result "1/2-1/2"]
[BlackTitle "CM"]
[WhiteElo "2231"]
[BlackElo "2001"]
[WhiteTeam "Sportfreunde Katernberg"]
[BlackTeam "Ireland"]
[WhiteFideId "4670302"]
[BlackFideId "2500256"]
[EventDate "2016.06.26"]

1. d4 d5 2. Nf3 Nf6 3. c4 e6 4. Nc3 c6 5. e3 Nbd7 6. Qc2 Bd6 7. Bd3 dxc4 8. Bxc4
O-O 9. O-O b5 10. Be2 Bb7 11. e4 e5 12. dxe5 Nxe5 13. Nd4 Qb6 14. Nf5 Bc5 15.
Bf4 Rfe8 16. Rac1 Neg4 17. Bxg4 Nxg4 18. Nd1 Bf8 19. Nde3 Nxe3 20. Bxe3 c5 21.
f3 Qf6 22. Bxc5 g6 23. Bd4 Qd8 24. Qf2 Re6 25. Ng3 Qa5 26. a3 Rd8 27. Bc3 Qa4
28. Kh1 a5 29. Qa7 Ba6 30. Qc7 Rc8 31. Qxa5 Qb3 32. Bb4 Rxc1 33. Rxc1 Qxb2 34.
Rd1 Bxb4 35. Qxb4 Qxb4 36. axb4 Rc6 37. h4 Kg7 38. Ne2 Rc2 39. Nf4 Bb7 40. Nd5
Rc4 41. Kh2 Bxd5 42. exd5 Kf8 43. Kg3 Ke7 44. Ra1 Rxb4 45. Ra7+ Kf6 46. Rb7 h5 1/2-1/2

[Event "World Senior Teams +65"]
[Site "Radebeul GER"]
[Date "2016.06.28"]
[Round "3.18"]
[Board "2"]
[White "Daly, Patrick"]
[Black "Krueger, Erich"]
[Result "1/2-1/2"]
[WhiteElo "1912"]
[BlackElo "2198"]
[WhiteTeam "Ireland"]
[BlackTeam "Sportfreunde Katernberg"]
[WhiteFideId "2503131"]
[BlackFideId "4624718"]
[EventDate "2016.06.26"]

1. d4 Nf6 2. Nf3 g6 3. Bg5 Bg7 4. Nbd2 O-O 5. e4 d5 6. e5 Ne4 7. Bh4 h6 8. Bd3
g5 9. Bg3 Bf5 10. Qe2 Nxg3 11. hxg3 Bxd3 12. Qxd3 e6 13. Nh2 f5 14. exf6 Qxf6
15. Ng4 Qf5 16. Nxh6+ Bxh6 17. Qxf5 exf5 18. Rxh6 Re8+ 19. Kf1 Kg7 20. Rh1 Nc6
21. c3 g4 22. Re1 Kg6 23. f4 b5 24. Kf2 a5 25. Rxe8 Rxe8 26. Re1 Rxe1 27. Kxe1
b4 28. Nb3 Kf6 29. Nc5 Ke7 30. Kd2 bxc3+ 31. bxc3 Nd8 32. Kc2 Nf7 33. Nb7 Nd6
34. Nxa5 Ne4 35. Nb3 Nxg3 36. Nc1 Kd6 37. Kb3 Nf1 38. Ne2 Ne3 39. g3 Kc6 40. Kb4
Kb6 41. a3 Nc2+ 42. Kb3 Ne3 43. Kb4 Nc2+ 44. Kb3 1/2-1/2

[Event "World Senior Teams +65"]
[Site "Radebeul GER"]
[Date "2016.06.28"]
[Round "3.18"]
[Board "3"]
[White "Mueller-Clostermann, Bruno"]
[Black "Murray, Jim G."]
[Result "1/2-1/2"]
[WhiteElo "2184"]
[BlackElo "1834"]
[WhiteTeam "Sportfreunde Katernberg"]
[BlackTeam "Ireland"]
[WhiteFideId "12932280"]
[BlackFideId "2501490"]
[EventDate "2016.06.26"]

1. Nf3 e6 2. g3 f5 3. Bg2 Nf6 4. O-O Be7 5. c4 O-O 6. d4 d5 7. b3 Ne4 8. Bb2 c6
9. Ne5 Nd7 10. Nd3 g5 11. f3 Nef6 12. Nd2 Qe8 13. e4 Qh5 14. e5 Ne8 15. f4 Qxd1
16. Rfxd1 b6 17. a4 Ba6 18. Ba3 Bxa3 19. Rxa3 g4 20. a5 bxa5 21. Rxa5 Bb7 22.
Rda1 a6 23. Kf2 Nc7 24. Ke3 Rab8 25. Nc5 Nxc5 26. Rxc5 Rfc8 27. h3 h5 28. Rca5
Kg7 29. Rc1 Kf7 30. Bf1 Kg7 31. Be2 Kf7 32. Rh1 Rh8 33. Ra4 Kg7 34. c5 Ra8 35.
b4 Nb5 36. h4 Nc3 37. Ra3 Nb5 38. Bxb5 axb5 39. Ra5 Kf7 40. Rha1 Rxa5 41. bxa5
Ra8 42. Nb3 Ba6 43. Kd2 Ke7 44. Kc3 Kd7 45. Nc1 Rb8 46. Nd3 Ra8 47. Nb4 Kc7 1/2-1/2

[Event "World Senior Teams +65"]
[Site "Radebeul GER"]
[Date "2016.06.28"]
[Round "3.18"]
[Board "4"]
[White "O'Leary, Matt"]
[Black "Armbruester, Juergen"]
[Result "1/2-1/2"]
[WhiteElo "1862"]
[BlackElo "1964"]
[WhiteTeam "Ireland"]
[BlackTeam "Sportfreunde Katernberg"]
[WhiteFideId "2501970"]
[BlackFideId "24681229"]
[EventDate "2016.06.26"]

1. Nf3 Nf6 2. c4 g6 3. Nc3 d5 4. cxd5 Nxd5 5. e4 Nxc3 6. bxc3 Bg7 7. Bb2 c5 8.
Bb5+ Bd7 9. Qa4 O-O 10. O-O a6 11. Bxd7 Nxd7 12. d4 b5 13. Qc2 cxd4 14. Nxd4 Qc7
15. Rfd1 Nb6 16. Rac1 Rac8 17. Ne2 Rfd8 18. Rxd8+ Rxd8 19. Rd1 Rc8 20. Qd3 Na4
21. Ba3 e6 22. Bd6 Qc6 23. Ba3 Nxc3 24. Nxc3 Qxc3 25. Qd7 Bf6 26. Bb2 Qxb2 27.
Qxc8+ Kg7 28. Qxa6 Bd4 29. Rf1 e5 30. h3 h5 31. Qb7 Qxa2 32. Qxb5 Qc2 33. Qd5
Qe2 34. g3 1/2-1/2

[Event "World Senior Teams +65"]
[Site "Radebeul GER"]
[Date "2016.06.28"]
[Round "3.19"]
[Board "1"]
[White "Liebert, Heinz"]
[Black "Ofstad, Per"]
[Result "1/2-1/2"]
[WhiteTitle "IM"]
[WhiteElo "2182"]
[BlackElo "2139"]
[WhiteTeam "Sachsen-Anhalt"]
[BlackTeam "Norway Veteran"]
[WhiteFideId "4611438"]
[BlackFideId "1500708"]
[EventDate "2016.06.26"]

1. c4 c5 2. Nf3 Nc6 3. d4 cxd4 4. Nxd4 g6 5. e4 Bg7 6. Be3 Nf6 7. Nc3 d6 8. Be2
O-O 9. O-O a6 10. Qd2 Bd7 11. f3 Rc8 12. Rfd1 Nxd4 13. Bxd4 Re8 14. a4 Be6 15.
b3 Qa5 16. Qb2 Qg5 17. Qd2 Qxd2 18. Rxd2 Nd7 19. Bxg7 Kxg7 20. a5 Rc7 21. Na4
Nc5 22. Nxc5 1/2-1/2

[Event "World Senior Teams +65"]
[Site "Radebeul GER"]
[Date "2016.06.28"]
[Round "3.19"]
[Board "2"]
[White "Henrichsen, Erland"]
[Black "Bondick, Karl-Heinz"]
[Result "1/2-1/2"]
[WhiteElo "1943"]
[BlackElo "2055"]
[WhiteTeam "Norway Veteran"]
[BlackTeam "Sachsen-Anhalt"]
[WhiteFideId "1512722"]
[BlackFideId "4692071"]
[EventDate "2016.06.26"]

1. d4 d5 2. Nf3 e6 3. c4 f5 4. Nc3 Nf6 5. Bf4 c6 6. e3 Be7 7. Be2 O-O 8. h3 Ne4
9. Qc2 Nd7 10. Nd2 Bh4 11. Ndxe4 fxe4 12. O-O-O Rf7 13. f3 exf3 14. gxf3 Kh8 15.
Rhg1 g5 16. Bg3 Nf6 17. Rg2 Bxg3 1/2-1/2

[Event "World Senior Teams +65"]
[Site "Radebeul GER"]
[Date "2016.06.28"]
[Round "3.19"]
[Board "3"]
[White "Bocionek, Dieter"]
[Black "Jenkins, Tom Ivar"]
[Result "1/2-1/2"]
[WhiteElo "1956"]
[BlackElo "1873"]
[WhiteTeam "Sachsen-Anhalt"]
[BlackTeam "Norway Veteran"]
[WhiteFideId "12944106"]
[BlackFideId "1509756"]
[EventDate "2016.06.26"]

1. d4 Nf6 2. Nc3 d5 3. Bg5 Bf5 4. Bxf6 exf6 5. e3 Bb4 6. Bd3 Bxd3 7. Qxd3 O-O 8.
Ne2 c6 9. O-O g6 10. Ng3 f5 11. Nce2 Nd7 12. c4 Bd6 13. cxd5 cxd5 14. Rac1 Nf6
15. Rc2 Rc8 16. Rfc1 Rxc2 17. Qxc2 h5 18. Nf1 Re8 19. Nd2 Qd7 20. Nf3 Qe7 21.
Nc3 Kg7 22. Nb5 Bb8 23. Qc5 b6 24. Qxe7 Rxe7 25. Nd2 a6 26. Nc3 f4 1/2-1/2

[Event "World Senior Teams +65"]
[Site "Radebeul GER"]
[Date "2016.06.28"]
[Round "3.19"]
[Board "4"]
[White "Hellem, Gunnar"]
[Black "Ruemmler, Roland"]
[Result "0-1"]
[WhiteElo "1627"]
[BlackElo "1952"]
[WhiteTeam "Norway Veteran"]
[BlackTeam "Sachsen-Anhalt"]
[WhiteFideId "1514164"]
[BlackFideId "4636180"]
[EventDate "2016.06.26"]

1. e4 d6 2. d4 Nf6 3. Bd3 g6 4. Nf3 Bg7 5. h3 O-O 6. O-O c6 7. Bf4 b5 8. e5 Nd5
9. Bg3 a6 10. exd6 exd6 11. c3 Be6 12. Nbd2 f5 13. Re1 Bf7 14. Qc2 Ra7 15. a4
Rd7 16. axb5 axb5 17. Ra8 Nb6 18. Ra2 0-1

[Event "World Senior Teams +65"]
[Site "Radebeul GER"]
[Date "2016.06.28"]
[Round "3.20"]
[Board "1"]
[White "Pamperin, Gerhard"]
[Black "Schroeter, Helmut"]
[Result "1/2-1/2"]
[WhiteElo "1936"]
[BlackElo "2073"]
[WhiteTeam "Rochade MV"]
[BlackTeam "TuR Dresden"]
[WhiteFideId "24651354"]
[BlackFideId "24631779"]
[EventDate "2016.06.26"]

1. d4 Nf6 2. Nf3 d6 3. c4 Bg4 4. Qb3 Qc8 5. h3 Bd7 6. Nc3 g6 7. e4 Nc6 8. Be3 e5
9. d5 Na5 10. Qc2 b6 11. Bd3 Nb7 12. Qd2 Bg7 13. O-O O-O 14. b4 1/2-1/2

[Event "World Senior Teams +65"]
[Site "Radebeul GER"]
[Date "2016.06.28"]
[Round "3.20"]
[Board "2"]
[White "Eichner, Christian"]
[Black "Jung, Werner"]
[Result "0-1"]
[WhiteElo "2068"]
[BlackElo "1973"]
[WhiteTeam "TuR Dresden"]
[BlackTeam "Rochade MV"]
[WhiteFideId "24666580"]
[BlackFideId "24669458"]
[EventDate "2016.06.26"]

1. e4 d5 2. exd5 Nf6 3. d4 Nxd5 4. c4 Nb6 5. Nf3 Bg4 6. c5 N6d7 7. Bc4 e6 8. h3
Bh5 9. Nc3 Nc6 10. Be3 Bxf3 11. Qxf3 Qf6 12. Qg3 Nxd4 13. O-O-O Bxc5 14. Ne4 Qf5
15. Bxd4 Qxe4 16. Rhe1 Qc6 17. Bxg7 Rg8 18. Bd5 Qb6 19. Qc3 O-O-O 20. Bf3 Bb4
21. Rxe6 fxe6 0-1

[Event "World Senior Teams +65"]
[Site "Radebeul GER"]
[Date "2016.06.28"]
[Round "3.20"]
[Board "3"]
[White "Krieg, Peter"]
[Black "Appelt, Gerd"]
[Result "1/2-1/2"]
[WhiteElo "1908"]
[BlackElo "2011"]
[WhiteTeam "Rochade MV"]
[BlackTeam "TuR Dresden"]
[WhiteFideId "24689394"]
[BlackFideId "4691342"]
[EventDate "2016.06.26"]

1. e4 c6 2. g3 g6 3. Bg2 Bg7 4. Ne2 e5 5. c3 d6 6. Na3 Ne7 7. Nc2 O-O 8. O-O Qc7
9. h3 Nd7 10. b3 Nf6 11. d4 Rd8 12. Ne3 d5 13. exd5 Nfxd5 14. Nxd5 Nxd5 15. Bb2
exd4 16. Nxd4 1/2-1/2

[Event "World Senior Teams +65"]
[Site "Radebeul GER"]
[Date "2016.06.28"]
[Round "3.20"]
[Board "4"]
[White "Seibt, Manfred"]
[Black "Schroeter, Reinhard"]
[Result "1/2-1/2"]
[WhiteElo "1987"]
[BlackElo "1801"]
[WhiteTeam "TuR Dresden"]
[BlackTeam "Rochade MV"]
[WhiteFideId "24639869"]
[BlackFideId "12993530"]
[EventDate "2016.06.26"]

1. d4 d5 2. c4 e6 3. Nc3 Nf6 4. Bg5 Be7 5. e3 O-O 6. Nf3 dxc4 7. Bxc4 Nbd7 8.
O-O a6 9. Rc1 b5 10. Bd3 Bb7 11. a3 c5 12. Bb1 Rc8 13. Qe2 Nd5 14. Bxe7 Qxe7 15.
Ne4 cxd4 16. exd4 h6 17. Ne5 N5f6 18. Ng3 Nb6 1/2-1/2

[Event "World Senior Teams +65"]
[Site "Radebeul GER"]
[Date "2016.06.28"]
[Round "3.21"]
[Board "1"]
[White "Niebuhr, Gerd"]
[Black "Groschup, Gerhard"]
[Result "1/2-1/2"]
[WhiteElo "1931"]
[BlackElo "1999"]
[WhiteTeam "Freibauer Niedersachsen"]
[BlackTeam "SV Dresden-Striesen 1990 e.V."]
[WhiteFideId "24616443"]
[BlackFideId "24679747"]
[EventDate "2016.06.26"]

1. d4 d5 2. c4 e6 3. Nc3 Nf6 4. Nf3 Nbd7 5. cxd5 exd5 6. Bg5 Be7 7. e3 O-O 8.
Bd3 c6 9. Qc2 h6 10. Bh4 Re8 11. O-O Ne4 12. Bxe4 Bxh4 13. Bh7+ Kh8 14. Bd3 Bf6
15. e4 dxe4 16. Nxe4 Nb6 17. Nxf6 Qxf6 18. Ne5 Be6 19. Rad1 Rad8 20. Be4 Bd5 21.
Bxd5 Nxd5 22. Rfe1 Re7 23. Nf3 Rde8 24. Re5 g6 25. Rde1 1/2-1/2

[Event "World Senior Teams +65"]
[Site "Radebeul GER"]
[Date "2016.06.28"]
[Round "3.21"]
[Board "2"]
[White "Deppe, Christian"]
[Black "Juergens, Peter2"]
[Result "1-0"]
[WhiteElo "1850"]
[BlackElo "1938"]
[WhiteTeam "SV Dresden-Striesen 1990 e.V."]
[BlackTeam "Freibauer Niedersachsen"]
[WhiteFideId "12911224"]
[BlackFideId "4694694"]
[EventDate "2016.06.26"]

1. f4 Nf6 2. Nf3 d5 3. g3 g6 4. Bg2 Bg7 5. O-O O-O 6. d3 c5 7. c3 Nc6 8. Qc2 Qc7
9. e4 dxe4 10. dxe4 e6 11. Na3 a6 12. Be3 b6 13. Rad1 Bb7 14. Nc4 Rad8 15. e5
Ng4 16. Bc1 Ne7 17. h3 Nh6 18. Nd6 Bc6 19. g4 Nc8 20. Ne4 Rxd1 21. Rxd1 Rd8 22.
Nf6+ Kh8 23. c4 Ng8 24. Ng5 Bxf6 25. exf6 Be8 26. Ne4 Nh6 27. Rxd8 Qxd8 28. Be3
Na7 29. Qd2 Qxd2 30. Bxd2 Nc8 31. b4 cxb4 32. Bxb4 Kg8 33. Nd6 1-0

[Event "World Senior Teams +65"]
[Site "Radebeul GER"]
[Date "2016.06.28"]
[Round "3.21"]
[Board "3"]
[White "Hellwege, Werner"]
[Black "Thalheim, Peter"]
[Result "1/2-1/2"]
[WhiteElo "1895"]
[BlackElo "1827"]
[WhiteTeam "Freibauer Niedersachsen"]
[BlackTeam "SV Dresden-Striesen 1990 e.V."]
[WhiteFideId "4661460"]
[BlackFideId "12958220"]
[EventDate "2016.06.26"]

1. d4 Nf6 2. Nf3 d5 3. c4 e6 4. g3 c5 5. Bg2 Nc6 6. cxd5 Nxd5 7. O-O Be7 8. dxc5
Bxc5 9. Qc2 Qb6 10. a3 Bd7 11. e4 Nde7 12. Nc3 Nd4 13. Nxd4 Bxd4 14. Rd1 Rd8 15.
Rd3 O-O 16. Be3 Bxe3 17. Rxe3 Bc6 18. Ree1 Rd7 19. Rad1 Rfd8 20. Rxd7 Rxd7 21.
Rd1 1/2-1/2

[Event "World Senior Teams +65"]
[Site "Radebeul GER"]
[Date "2016.06.28"]
[Round "3.22"]
[Board "1"]
[White "Taksrud, Vidar"]
[Black "Eskandary, Jahya"]
[Result "1-0"]
[WhiteElo "1979"]
[BlackElo "2065"]
[WhiteTeam "Norway 3"]
[BlackTeam "Dresdner Springer"]
[WhiteFideId "1502158"]
[BlackFideId "4665708"]
[EventDate "2016.06.26"]

1. d4 d6 2. e4 Nd7 3. Nf3 c6 4. Nc3 Qc7 5. a4 a5 6. Bc4 e6 7. Qe2 Be7 8. O-O
Ngf6 9. e5 dxe5 10. dxe5 Nd5 11. Bxd5 cxd5 12. Nb5 Qb8 13. c4 Nb6 14. b3 dxc4
15. bxc4 O-O 16. Be3 Ra6 17. Rfd1 Nd7 18. Bf4 Nc5 19. Ng5 Bd7 20. Ra3 h6 21. Rh3
hxg5 22. Qh5 f6 23. exf6 Qxf4 24. f7+ 1-0

[Event "World Senior Teams +65"]
[Site "Radebeul GER"]
[Date "2016.06.28"]
[Round "3.22"]
[Board "2"]
[White "Schwier, Manfred"]
[Black "Nordby, Bernt"]
[Result "1-0"]
[WhiteElo "2031"]
[BlackElo "2017"]
[WhiteTeam "Dresdner Springer"]
[BlackTeam "Norway 3"]
[WhiteFideId "4671988"]
[BlackFideId "1500694"]
[EventDate "2016.06.26"]

1. e4 e6 2. d4 d5 3. exd5 exd5 4. Nf3 Nc6 5. Be2 Bf5 6. O-O Bd6 7. a4 Nge7 8.
Na3 a6 9. c3 O-O 10. Nc2 Ng6 11. Ne3 Be4 12. Nd2 Nf4 13. Nxe4 dxe4 14. Bc4 Qd7
15. Qg4 Qxg4 16. Nxg4 Rae8 17. b4 Re7 18. Ne3 Rd7 19. Nf5 Nh5 20. Nxd6 Rxd6 21.
Be2 Rd5 22. b5 axb5 23. axb5 Ne7 24. Bc4 Rd7 25. Re1 Nf6 26. Bg5 Ned5 27. Ra3
Re8 28. h3 h6 29. Bd2 Rde7 30. Bxd5 Nxd5 31. Ra7 c6 32. c4 Nb6 33. Bb4 Rd7 34.
Bc5 Nxc4 35. bxc6 Rc7 36. cxb7 Rb8 37. Rb1 Kh7 38. g3 Rd7 39. Rb4 Nd2 40. Kg2
Nf3 41. g4 Ne1+ 42. Kg3 Nd3 43. Rb6 e3 1-0

[Event "World Senior Teams +65"]
[Site "Radebeul GER"]
[Date "2016.06.28"]
[Round "3.22"]
[Board "3"]
[White "Zakariassen, Tom"]
[Black "Zoephel, Heinz"]
[Result "0-1"]
[WhiteElo "1797"]
[BlackElo "1990"]
[WhiteTeam "Norway 3"]
[BlackTeam "Dresdner Springer"]
[WhiteFideId "1513753"]
[BlackFideId "24647241"]
[EventDate "2016.06.26"]

1. f4 d5 2. Nf3 Nf6 3. e3 c5 4. d4 e6 5. c3 Nc6 6. Bd3 Be7 7. Nbd2 Ng4 8. Qe2 f5
9. O-O c4 10. Bc2 b5 11. Ne5 Ncxe5 12. fxe5 O-O 13. Nf3 a5 14. Bd2 Qe8 15. h3
Nh6 16. Nh2 b4 17. b3 Ba6 18. bxc4 dxc4 19. Qd1 Qc6 20. Qf3 Qxf3 21. Nxf3 Rab8
22. Rfb1 Nf7 23. e4 fxe4 24. Bxe4 Bb7 25. Bxb7 Rxb7 26. Rb2 Rfb8 27. Rab1 h6 28.
a4 Nd8 29. Ne1 bxc3 30. Bxc3 Bb4 31. Bxb4 Rxb4 32. Rxb4 Rxb4 33. Rxb4 axb4 34.
a5 b3 0-1

[Event "World Senior Teams +65"]
[Site "Radebeul GER"]
[Date "2016.06.28"]
[Round "3.23"]
[Board "2"]
[White "Sandklef, Ake"]
[Black "Chaabani, Abdelkader"]
[Result "1/2-1/2"]
[WhiteElo "1917"]
[BlackElo "1728"]
[WhiteTeam "Sweden 3"]
[BlackTeam "Tunisia"]
[WhiteFideId "1708724"]
[BlackFideId "5501989"]
[EventDate "2016.06.26"]

1. d4 d5 2. c4 c6 3. Nf3 Nf6 4. e3 Bf5 5. Nc3 Nbd7 6. Be2 e6 7. O-O Bd6 8. b3
O-O 9. Bb2 Re8 10. Rc1 Rc8 11. h3 Ne4 12. Nxe4 Bxe4 13. Nd2 Nf6 14. f4 Bb4 15.
a3 Bxd2 16. Qxd2 Qb6 17. Bd1 h6 18. g4 Qd8 19. Bc3 Nh7 20. Bc2 Bxc2 21. Rxc2 Nf6
22. Qh2 Ne4 23. Be1 Qd6 24. Bb4 Qc7 25. h4 g6 26. f5 Qxh2+ 27. Kxh2 exf5 28.
gxf5 Kg7 29. Rg2 g5 30. f6+ Kg6 31. Be7 Rh8 32. Rc2 g4 33. h5+ Kxh5 34. Rf5+ Kh4
35. Kg2 g3 36. Rc1 Kg4 37. Rcf1 Nf2 38. Rf4+ Kg5 39. Kxg3 Ne4+ 40. Kh3 Kg6 41.
Kh4 Rcg8 42. Rg1+ Kh7 43. Rfg4 Rg5 44. Rxg5 hxg5+ 45. Kg4 Kg6 46. cxd5 cxd5 47.
Rc1 Nxf6+ 48. Bxf6 Kxf6 49. Rc7 Rb8 50. Rc5 Rd8 51. Rc7 Rb8 52. Rc5 Rd8 53. Rc7 1/2-1/2

[Event "World Senior Teams +65"]
[Site "Radebeul GER"]
[Date "2016.06.28"]
[Round "3.23"]
[Board "3"]
[White "Aroua, Ahmed"]
[Black "Nyberg, Bo"]
[Result "0-1"]
[WhiteElo "1516"]
[BlackElo "1899"]
[WhiteTeam "Tunisia"]
[BlackTeam "Sweden 3"]
[WhiteFideId "5502497"]
[BlackFideId "1710583"]
[EventDate "2016.06.26"]

1. e4 e6 2. d4 d5 3. e5 c5 4. c3 Nc6 5. Nf3 Qb6 6. Bd3 Bd7 7. dxc5 Qc7 8. Bf4
Bxc5 9. O-O Nge7 10. b4 Bb6 11. Na3 a6 12. Qd2 Ng6 13. Bg3 Nce7 14. Nc2 Rc8 15.
c4 dxc4 16. Bxg6 hxg6 17. Rad1 Nf5 18. Bf4 Bc6 19. Bg5 Bxf3 20. gxf3 f6 21. Be3
Bxe3 22. fxe3 Rd8 23. Qxd8+ Qxd8 24. Rxd8+ Kxd8 25. e4 Nh4 26. Nd4 Ke7 27. exf6+
gxf6 28. b5 e5 29. bxa6 exd4 30. axb7 Rb8 0-1

[Event "World Senior Teams +65"]
[Site "Radebeul GER"]
[Date "2016.06.28"]
[Round "3.24"]
[Board "1"]
[White "Lomer, Edmund"]
[Black "Ritter, Fred"]
[Result "1-0"]
[WhiteElo "2043"]
[BlackElo "1844"]
[WhiteTeam "Randbauern"]
[BlackTeam "BSV Chemie Radebeul"]
[WhiteFideId "4664884"]
[BlackFideId "12975427"]
[EventDate "2016.06.26"]

1. Nf3 d5 2. g3 Nf6 3. Bg2 c6 4. O-O h6 5. d4 Bf5 6. Nbd2 e6 7. c4 Bd6 8. Re1
O-O 9. a3 Nbd7 10. b3 Re8 11. Bb2 Rc8 12. Rc1 Qe7 13. b4 Bc7 14. Qb3 Ne4 15.
Nxe4 Bxe4 16. c5 Nf6 17. Bc3 Ng4 18. b5 f5 19. a4 g5 20. bxc6 bxc6 21. Ne5 Nxe5
22. Bxe4 Rb8 23. Qc2 Ng4 24. Bf3 Nf6 25. Rb1 Ne4 26. Bxe4 fxe4 27. f3 Rxb1 28.
Rxb1 Qh7 29. fxe4 Rb8 30. Rxb8+ Bxb8 31. Qb2 Qc7 32. exd5 exd5 33. Qb1 Kg7 34.
e4 Qc8 35. exd5 cxd5 36. Qb3 Qd8 37. Qb7+ Kg6 38. Qc6+ Kg7 39. Qe6 Bc7 40. Bb4
Qg8 41. Qc6 Qf7 42. Kg2 g4 43. Kg1 Bd8 44. Bd2 Bf6 45. Be3 h5 46. Qd6 Qb7 47.
Qf4 Qb1+ 48. Kg2 Qc2+ 49. Bd2 Kf7 50. h3 gxh3+ 51. Kxh3 Qxa4 52. Be3 Qd7+ 53.
Kg2 a5 54. Qf3 Kg6 55. Qf2 Qe8 56. Qc2+ Kf7 57. Kf2 Qc6 58. Qh7+ Ke6 59. Qxh5 a4
60. Qe2 a3 61. Bc1+ Kf7 62. Qh5+ Ke6 63. Qg4+ Kf7 64. Bxa3 Qa4 65. Qf3 Qxd4+ 66.
Kg2 Qc4 67. Kh3 Ke6 68. Qg4+ Qxg4+ 69. Kxg4 Kd7 70. Kf5 Bc3 71. g4 Kc6 72. g5
Bg7 73. g6 Bc3 74. Ke6 Ba1 75. Bb4 Bh8 76. Ba3 d4 77. Kf5 d3 78. Bb4 Kd5 79. Kf4
Bd4 80. c6 Kxc6 81. Ke4 Bg7 82. Kxd3 Kd5 83. Ke3 Bh6+ 84. Kf3 Ke6 85. Kg4 Bg7
86. Kh5 Kf6 87. Bd2 Ke6 88. Bh6 Bf6 89. Bf8 Kf5 90. Kh6 Be5 91. Kh7 Bd4 92. Bg7
Bc5 93. Bc3 Bf8 94. Bb4 1-0

[Event "World Senior Teams +65"]
[Site "Radebeul GER"]
[Date "2016.06.28"]
[Round "3.24"]
[Board "2"]
[White "Werner, Helmut"]
[Black "Wenske, Hardy"]
[Result "1-0"]
[WhiteElo "1913"]
[BlackElo "1823"]
[WhiteTeam "BSV Chemie Radebeul"]
[BlackTeam "Randbauern"]
[WhiteFideId "16203348"]
[BlackFideId "24611212"]
[EventDate "2016.06.26"]

1. e4 c6 2. c4 e5 3. Nf3 d6 4. Nc3 Nf6 5. d3 Nbd7 6. Be2 Be7 7. O-O O-O 8. h3
Nc5 9. b4 Ne6 10. a3 Qc7 11. Be3 Nd7 12. Rc1 Qd8 13. Qd2 Bf6 14. d4 exd4 15.
Nxd4 Nxd4 16. Bxd4 Bxd4 17. Qxd4 Qf6 18. Rfd1 Qxd4 19. Rxd4 Ne5 20. Rxd6 Be6 21.
c5 Rad8 22. Rcd1 Rxd6 23. Rxd6 Bc4 24. Rd4 Bxe2 25. Nxe2 Rb8 26. f4 Ng6 27. g3
Kf8 28. Kf2 Ke7 29. Rd6 Rd8 30. e5 Rxd6 31. exd6+ Kd7 32. Nd4 Nf8 33. Kf3 g6 34.
Kg4 h5+ 35. Kg5 Ke8 36. Kf6 Nd7+ 37. Kg7 b6 38. cxb6 axb6 39. Nxc6 Nf8 40. Nd4
Nd7 41. Nf3 Nf8 42. Ne5 Ne6+ 43. Kf6 Nd8 44. d7+ Kf8 45. b5 1-0

[Event "World Senior Teams +65"]
[Site "Radebeul GER"]
[Date "2016.06.28"]
[Round "3.25"]
[Board "1"]
[White "Hilbig, Klaus"]
[Black "Fenwick, Hugh F"]
[Result "1/2-1/2"]
[WhiteElo "1680"]
[BlackElo "1912"]
[WhiteTeam "Dresdner Seniorenklub"]
[BlackTeam "England 3"]
[WhiteFideId "4653378"]
[BlackFideId "408387"]
[EventDate "2016.06.26"]

1. d4 e6 2. Nf3 f5 3. c4 Nf6 4. Nc3 Bb4 5. Bg5 O-O 6. a3 Bxc3+ 7. bxc3 b6 8. e3
Bb7 9. Be2 d6 10. O-O Nbd7 11. Qc2 Qe8 12. Nd2 Bxg2 13. Kxg2 Qg6 14. h4 h6 15.
f4 Ne4 16. h5 Qh7 17. Bh4 e5 18. Rg1 exf4 19. exf4 Rfe8 20. Bf3 Kh8 21. Rae1
Nef6 22. Kf2 Rxe1 23. Rxe1 g6 24. hxg6 Qxg6 25. Rg1 Qh7 26. Ke2 Re8+ 27. Kd1 Re3
28. Re1 Rxe1+ 29. Bxe1 h5 30. Bh4 Qg6 31. Bg5 Nh7 32. Qa4 Ndf8 33. Bh4 Ne6 34.
Qxa7 Qg1+ 35. Kc2 Qh2 36. Qb8+ Kg7 37. Bg5 Nhxg5 38. fxg5 Nxg5 39. Qxc7+ Kg6 40.
Kd3 Qg3 41. Qc6 h4 42. Kc2 h3 43. Qe8+ Kf6 44. Qf8+ Kg6 45. Qg8+ Kf6 46. Qd5 Nf7
47. Bh1 Qh2 48. Kd3 Ng5 49. Qa8 Ne6 50. Qh8+ Kg6 51. Qg8+ Kf6 52. Qe8 Nf4+ 53.
Kc2 Ng2 54. Qf8+ Kg6 55. Qg8+ Kf6 56. Qf8+ Ke6 57. d5+ Kd7 58. Qxf5+ Kc7 59.
Qh7+ Kd8 60. Qg8+ Kc7 61. Bxg2 hxg2 62. Nf3 g1=Q+ 1/2-1/2